The integrity of the yoga darsana : (Record no. 132363)

MARC details
000 -LEADER
fixed length control field 00731nam a22002297a 4500
005 - DATE AND TIME OF LATEST TRANSACTION
control field 20170124110153.0
010 ## - LIBRARY OF CONGRESS CONTROL NUMBER
LC control number A-991906
020 ## - INTERNATIONAL STANDARD BOOK NUMBER
Terms of availability 00.00
International Standard Book Number 8124601542
035 ## - SYSTEM CONTROL NUMBER
System control number A-991906
037 ## - SOURCE OF ACQUISITION
Source of stock number/acquisition Cen Lib/Ret
040 ## - CATALOGING SOURCE
Original cataloging agency DPL
Language of cataloging EN
082 ## - DEWEY DECIMAL CLASSIFICATION NUMBER
Classification number 181.432
Item number WHI
100 ## - MAIN ENTRY--PERSONAL NAME
Personal name Ian, Whicher
9 (RLIN) 34478
245 ## - TITLE STATEMENT
Title The integrity of the yoga darsana :
Statement of responsibility, etc by Ian Whicher
Remainder of title a reconsideration of classical yoga /
260 ## - PUBLICATION, DISTRIBUTION, ETC. (IMPRINT)
Place of publication, distribution, etc New Delhi
Name of publisher, distributor, etc D.K. Print World
Date of publication, distribution, etc 2000
270 ## - ADDRESS
City New Delhi
Address F-52, Bali nagar
Postal code 110015
300 ## - PHYSICAL DESCRIPTION
Extent xii, 426p.
Dimensions 21cm(Hb)
500 ## - GENERAL NOTE
General note Includes bibliographical references and index
650 ## - SUBJECT ADDED ENTRY--TOPICAL TERM
Topical term or geographic name as entry element Philosophy
9 (RLIN) 101725
650 ## - SUBJECT ADDED ENTRY--TOPICAL TERM
Topical term or geographic name as entry element Classical yoga
9 (RLIN) 34480
942 ## - ADDED ENTRY ELEMENTS (KOHA)
Source of classification or shelving scheme Dewey Decimal Classification
Koha item type English Books
Classification part 181.432
Call number suffix WHI
Holdings
Withdrawn status Lost status Damaged status Not for loan Home library Current library Date acquired Source of acquisition Cost, normal purchase price Total Checkouts Full call number Barcode Date last seen Copy number Cost, replacement price Price effective from Koha item type
        Central Library Central Library 22/07/2015 Cen Lib/Ret 0.00   181.432 WHI A-991906 22/07/2015 1 0.00 22/07/2015 English Books

© Delhi Public Library
Hit Counter
free hit counter